Catálogo de discos de 78 rpm. en la Biblioteca Nacional / (Record no. 151082)

MARC details
000 -LEADER
campo de control de longitud fija 01075nam a2200277 i 4500
001 - NÚMERO DE CONTROL
campo de control 151082
003 - IDENTIFICADOR DE NÚMERO DE CONTROL
campo de control ES-MaACL
005 - FECHA Y HORA DE LA ÚLTIMA TRANSACCIÓN
campo de control 20240301062536.0
007 - CAMPO FIJO DE DESCRIPCIÓN FÍSICA--INFORMACIÓN GENERAL
campo de control de longitud fija t|
008 - DATOS DE LONGITUD FIJA--INFORMACIÓN GENERAL
campo de control de longitud fija 071205s1988 sp ||||1| spa d
020 ## - NÚMERO INTERNACIONAL ESTÁNDAR DEL LIBRO
Número Internacional Estándar del Libro 84-7483-470-8
080 ## - NÚMERO DE LA CLASIFICACIÓN DECIMAL UNIVERSAL
Número de la Clasificación Decimal Universal 016:78(086.72)
080 ## - NÚMERO DE LA CLASIFICACIÓN DECIMAL UNIVERSAL
Número de la Clasificación Decimal Universal 017.1(464.1 M.)
110 2# - ENTRADA PRINCIPAL--NOMBRE DE ENTIDAD CORPORATIVA
Nombre de entidad corporativa o nombre de jurisdicción como elemento de entrada Biblioteca Nacional (España)
9 (RLIN) 2188
245 10 - MENCIÓN DEL TÍTULO
Título Catálogo de discos de 78 rpm. en la Biblioteca Nacional /
Mención de responsabilidad, etc. [dirección, Nieves Iglesias Martínez, Mª Pilar Gallego Cuadrado].
260 ## - PUBLICACIÓN, DISTRIBUCIÓN, ETC.
Lugar de publicación, distribución, etc. Madrid :
Nombre del editor, distribuidor, etc. Dirección General del Libro y Bibliotecas,
Fecha de publicación, distribución, etc. 1988.
300 ## - DESCRIPCIÓN FÍSICA
Extensión 2 v. ;
Dimensiones 24 cm.
505 8# - NOTA DE CONTENIDO CON FORMATO
Nota de contenido con formato Contiene: I. Años 1924-1951 - II. Años 1952-1957 y Archivo de la palabra
650 #4 - PUNTO DE ACCESO ADICIONAL DE MATERIA--TÉRMINO DE MATERIA
Término de materia o nombre geográfico como elemento de entrada Música-
Subdivisión de forma Discografías.
9 (RLIN) 15384
650 #4 - PUNTO DE ACCESO ADICIONAL DE MATERIA--TÉRMINO DE MATERIA
Término de materia o nombre geográfico como elemento de entrada Grabaciones sonoras-
Subdivisión geográfica Biblioteca Nacional (España)-
Subdivisión de forma Catálogos.
9 (RLIN) 13137
700 1# - ENTRADA AGREGADA--NOMBRE PERSONAL
Nombre de persona Iglesias Martínez, Nieves.
9 (RLIN) 65125
700 1# - ENTRADA AGREGADA--NOMBRE PERSONAL
Nombre de persona Gallego Cuadrado, María Pilar.
9 (RLIN) 53555
710 1# - ENTRADA AGREGADA--NOMBRE DE ENTIDAD CORPORATIVA
Nombre de entidad corporativa o nombre de jurisdicción como elemento de entrada España.
Unidad subordinada Dirección General del Libro y Bibliotecas.
9 (RLIN) 3788
852 4# - LOCALIZACIÓN
Ubicación ES-MaACL
Número de control de estantería L-12394-95
Holdings
Estatus retirado Estado de pérdida Estado de daño No para préstamo Biblioteca de origen Biblioteca actual Ubicación en estantería Fecha de adquisición Fuente de adquisición Total de préstamos Signatura topográfica completa Código de barras Visto por última vez Precio de reemplazo Tipo de ítem Koha
        Biblioteca del Ateneo de Madrid Biblioteca del Ateneo de Madrid Depósito 2 17/01/2008     L-12394-95 1157653 23/02/2023 23/02/2023 Libro impreso